| Tag |
First Indicator |
Second Indicator |
Subfields |
| LEADER |
00000pam a2200000 i 4500 |
| 001 |
in00000076873 |
| 005 |
20151008054953.0 |
| 008 |
781222s1979 enka b 00110 eng |
| 010 |
|
|
|a 78041103
|
| 015 |
|
|
|a GB79
|
| 020 |
|
|
|a 0080242251 :
|c 15.00 ($30.00 U.S.)
|
| 020 |
|
|
|a 0080242243 (pbk.) :
|c 5.00 ($10.00 U.S.)
|
| 035 |
|
|
|a (OCoLC)04592978
|
| 035 |
|
|
|9 AAJ2197AM
|
| 040 |
|
|
|a DLC
|c DLC
|d m.c.
|d TXA
|d UtOrBLW
|
| 049 |
|
|
|a TXAM
|c 1 [1496726], 2 [1502121]
|
| 050 |
0 |
0 |
|a TJ163.2
|b .M6413 1979
|
| 082 |
0 |
|
|a 333.7
|
| 090 |
|
|
|a TJ163.2
|b .M65
|
| 100 |
1 |
|
|a Montbrial, Thierry de.
|
| 240 |
1 |
0 |
|a Énergie, le compte à rebours.
|l English
|
| 245 |
1 |
0 |
|a Energy, the countdown :
|b a report to the Club of Rome /
|c Thierry De Montbrial ; recommendations by Robert Lattes and Carroll Wilson.
|
| 250 |
|
|
|a 1st ed.
|
| 264 |
|
1 |
|a Oxford ;
|a New York :
|b Pergamon Press,
|c 1979.
|
| 300 |
|
|
|a xiii, 256 pages :
|b illustrations ;
|c 22 cm.
|
| 336 |
|
|
|a text
|b txt
|2 rdacontent
|
| 337 |
|
|
|a unmediated
|b n
|2 rdamedia
|
| 338 |
|
|
|a volume
|b nc
|2 rdacarrier
|
| 490 |
1 |
|
|a Pergamon international library of science, technology, engineering, and social studies
|
| 500 |
|
|
|a Includes index.
|
| 504 |
|
|
|a Bibliography: pages 247-249.
|
| 650 |
|
0 |
|a Power resources.
|
| 650 |
|
0 |
|a Energy policy.
|
| 700 |
1 |
|
|a Lattès, Robert,
|d 1927-
|
| 700 |
1 |
|
|a Wilson, Carroll L.
|
| 710 |
2 |
|
|a Club of Rome.
|
| 830 |
|
0 |
|a Pergamon international library of science, technology, engineering, and social studies.
|
| 999 |
|
|
|a MARS
|
| 999 |
f |
f |
|s 6a600148-7f79-3a6c-bc50-fd1d0c7e8b08
|i e9398b5e-5d42-3188-9c7f-fd3fa510536d
|t 0
|
| 952 |
f |
f |
|p ric
|a Texas A&M University
|b Rellis Campus
|c Joint Library Facility
|d Remote Storage
|t 0
|e TJ163.2 .M65
|h Library of Congress classification
|i unmediated -- volume
|m A14805423886
|
| 998 |
f |
f |
|a TJ163.2 .M65
|t 0
|l Remote Storage
|